000 00831nam a22002177a 4500
999 _c19805
_d19805
003 AR-CdUCM
008 190522b ||||| |||| 00| 0 spa d
040 _aMUNICIPALIDAD PROVINCIAL DEL CUSCO
_cBIBLIOTECA MUNICIPAL DEL CUSCO
082 _a868.3 /
_bL57
100 _aLeón, Fray Luis De
_910289
245 _aDe los hombres de cristo /
260 _aArgentina :
_bSopena,
_c1943.
300 _a142 páginas ;
_c25 cm.
440 _aBiblioteca mundial sopena
_910296
505 _aContenido: Introduce en el asunto con la idea -- Explicase que viene a ser nombre -- Es llamado cristo pimpollo -- Declarase como cristo tiene el nombre de faces...
650 _aEl asunto como idea
_941421
650 _aCristo llamado monte
_941422
650 _aLa miseria humana
_941423
942 _2ddc
_cLIBROS
945 _aAndy
_d2019-05-22